000 00842nam0a22002531 4500
001 rc\2950527
005 20110830142052.2
035 _a(NLR Aleph) 007214388
090 _a7678370
_c7678370
100 _a20110830d1934 |||y0rusy50 ca
101 0 _arus
102 _aRU
105 _ay z |||||
200 1 _aБеранже и Бурбоны
210 _a[Москва]
_a[Ленинград]
_cБ. и.
_d[1934]
215 _aс. 91-111
300 _aВ кн.: Беранже П.-Ж. Полное собрание песен. М.-Л., 1934. Т. 1, с. 91-111
600 1 _aБеранже
_bП. -Ж.
_f1780-1857
_gПьер-Жан
700 1 _aСандомирский
_bГ. Б.
_f1882-1937
_gГерман Борисович
801 0 _aRU
_bNLR
_gpsbo
801 1 _aRU
_bELAR
_2rusmarc
852 _aNLR
_j34-17/349
942 _cBOOK
980 _aNB